[Event "4NCL Division 1b"]
[Site "Telford, ENG"]
[Date "2017.11.12"]
[Round "2.81"]
[White "Zhou, Yang-Fan"]
[Black "Hill, Alistair"]
[Result "1-0"]
[WhiteElo "2461"]
[BlackElo "2186"]
[PlyCount "97"]
[EventDate "2017.11.12"]
[WhiteTeam "Guildford 2"]
[BlackTeam "Cambridge University 1"]

1. e4 e5 2. Nf3 Nc6 3. Bc4 Bc5 4. c3 Nf6 5. d3 d6 6. h3 a6 7. Bb3 h6 8. Nbd2
O-O 9. Qe2 Ba7 10. Nf1 Ne7 11. Nh4 Be6 12. Qf3 Nd7 13. Ng3 Bxb3 14. axb3 Nc5
15. Ra3 Kh7 16. O-O Ng8 17. Nhf5 g6 18. b4 Ne6 19. Ne3 Qf6 20. Qxf6 Nxf6 21.
Nd5 Nxd5 22. exd5 Ng7 23. Ne4 f5 24. Nd2 Nh5 25. Nb3 Bb6 26. c4 c5 27. bxc5
dxc5 28. Re1 Rfe8 29. Bd2 Nf6 30. Ba5 Bxa5 31. Nxa5 b6 32. Nc6 e4 33. dxe4 Rxe4
34. Rxe4 Nxe4 35. Rb3 b5 36. cxb5 axb5 37. Rxb5 Ra1+ 38. Kh2 Nxf2 39. Rb7+ Kh8
40. Kg3 Ne4+ 41. Kf4 Rg1 42. Ke5 Rxg2 43. d6 Nxd6 44. Kxd6 Rg3 45. Ne5 c4 46.
Ke6 Rxh3 47. Nxg6+ Kg8 48. Kf6 Rb3 49. Rg7# 1-0

[Event "4NCL Division 1b"]
[Site "Telford, ENG"]
[Date "2017.11.12"]
[Round "2.82"]
[White "Nettleton, Charlie B"]
[Black "Suarez Real, Alberto"]
[Result "0-1"]
[WhiteElo "2177"]
[BlackElo "2447"]
[PlyCount "81"]
[EventDate "2017.11.12"]
[WhiteTeam "Cambridge University 1"]
[BlackTeam "Guildford 2"]

1. b3 e5 2. Bb2 Nc6 3. e3 d6 4. c4 Nf6 5. Nc3 g6 6. Nf3 Bg7 7. d4 O-O 8. Be2 e4
9. Nd2 Re8 10. g4 h6 11. h4 Nb4 12. a3 Nd3+ 13. Bxd3 exd3 14. Rg1 h5 15. g5 Ng4
16. Nf3 Bf5 17. Qd2 a6 18. O-O-O b5 19. Kb1 bxc4 20. bxc4 Rb8 21. Ka2 c6 22.
Rb1 Be6 23. d5 cxd5 24. cxd5 Bxc3 25. Qxc3 Bxd5+ 26. Ka1 Rxb2 27. Rxb2 Bxf3 28.
Qxd3 Ne5 29. Qc3 d5 30. Rgb1 Nc4 31. Rb7 Be4 32. Rd1 Qc8 33. Ra7 Qe6 34. Ka2
Rb8 35. Rc7 Qg4 36. Re1 Qxh4 37. Rxf7 Kxf7 38. Qf6+ Ke8 39. Rc1 Qg4 40. Qh8+
Kd7 41. Qg7+ 0-1

[Event "4NCL Division 1b"]
[Site "Telford, ENG"]
[Date "2017.11.12"]
[Round "2.83"]
[White "Wadsworth, Matthew J"]
[Black "Stanisz, Patryk"]
[Result "0-1"]
[WhiteElo "2350"]
[BlackElo "2139"]
[PlyCount "230"]
[EventDate "2017.11.12"]
[WhiteTeam "Guildford 2"]
[BlackTeam "Cambridge University 1"]

1. g3 d5 2. Bg2 Nf6 3. Nf3 c6 4. c4 Nbd7 5. O-O e5 6. d3 Bd6 7. Nc3 d4 8. Ne4
Nxe4 9. dxe4 Qe7 10. Ne1 g5 11. e3 dxe3 12. Bxe3 Bc5 13. Nc2 h5 14. Qd2 f6 15.
Rad1 Nf8 16. Bxc5 Qxc5 17. Qd8+ Kf7 18. Ne3 Ng6 19. Qd6 Qxd6 20. Rxd6 Re8 21.
Rfd1 Nf8 22. b4 Be6 23. Bf1 a5 24. b5 cxb5 25. cxb5 Bxa2 26. Rb6 Re7 27. Nf5
Rc7 28. Rxb7 Rxb7 29. Nd6+ Ke7 30. Nxb7 Bb3 31. Ra1 a4 32. Nc5 Rc8 33. Rc1 Bf7
34. b6 Nd7 35. b7 Rb8 36. Nxd7 Kxd7 37. Bb5+ Kd8 38. Ba6 Be6 39. Rc6 Bd7 40.
Rxf6 Kc7 41. f4 gxf4 42. gxf4 exf4 43. Rxf4 a3 44. Bc4 Rxb7 45. Rf3 Ra7 46. Ba2
Kd6 47. e5+ Kxe5 48. Kf2 Kd4 49. Kg3 Bg4 50. Rf4+ Kc3 51. h3 Bd1 52. Rf1 Bc2
53. Kh4 Ra5 54. Rf6 Kb2 55. Bf7 a2 56. Bxa2 Kxa2 57. Rh6 Bd1 58. Rd6 Ba4 59.
Rh6 Be8 60. Re6 Ra8 61. Rb6 Ka3 62. Rb7 Ka4 63. Rb6 Ra5 64. Re6 Ra8 65. Rb6 Rc8
66. Rb7 Rc4+ 67. Kg5 Re4 68. Rb8 Ka5 69. Kf5 Re7 70. Kf4 Bd7 71. Kg5 Re5+ 72.
Kh4 Ka6 73. Rd8 Be8 74. Rb8 Ka7 75. Rb1 Bb5 76. Rc1 Kb7 77. Rc2 Bc6 78. Rf2 Kc7
79. Rf6 Be8 80. Rh6 Kd7 81. Rf6 Ke7 82. Rf3 Bf7 83. Rf1 Ke6 84. Rg1 Ke7 85. Rf1
Ke6 86. Rf3 Rf5 87. Re3+ Kf6 88. Rf3 Kg6 89. Rg3+ Kh6 90. Rf3 Bg6 91. Ra3 Re5
92. Ra6 Re4+ 93. Kg3 h4+ 94. Kf3 Rb4 95. Ra5 Bh5+ 96. Kf2 Rb2+ 97. Ke3 Rb3+ 98.
Kf4 Rxh3 99. Ra6+ Bg6 100. Kg4 Rh1 101. Rb6 Kg7 102. Rb7+ Bf7 103. Rb6 Bd5 104.
Rd6 Bc4 105. Rd2 Be6+ 106. Kg5 h3 107. Re2 Kf7 108. Rf2+ Ke7 109. Kh4 Rg1 110.
Rh2 Rg2 111. Rh1 h2 112. Kh5 Kf6 113. Kh4 Bf5 114. Kh5 Re2 115. Rf1 Ke5 0-1

[Event "4NCL Division 1b"]
[Site "Telford, ENG"]
[Date "2017.11.12"]
[Round "2.84"]
[White "Spencer, Carl J"]
[Black "Milliet, Sophie"]
[Result "0-1"]
[WhiteElo "2138"]
[BlackElo "2377"]
[PlyCount "136"]
[EventDate "2017.11.12"]
[WhiteTeam "Cambridge University 1"]
[BlackTeam "Guildford 2"]

1. d4 Nf6 2. c4 b6 3. Nf3 Bb7 4. Bf4 e6 5. e3 Bb4+ 6. Nbd2 O-O 7. a3 Be7 8. Bg3
c5 9. e4 d6 10. Bd3 cxd4 11. Nxd4 Nbd7 12. Qe2 Nc5 13. Bc2 d5 14. exd5 exd5 15.
O-O-O Re8 16. Rhe1 Bd6 17. Qf1 Rxe1 18. Qxe1 Bxg3 19. hxg3 Qf8 20. Qh1 Nce4 21.
Qh4 Qc5 22. g4 dxc4 23. N2f3 h6 24. Rh1 Re8 25. g5 Nxg5 26. Nf5 Nxf3 27. gxf3
Qa5 28. Qg3 Re1+ 29. Rxe1 Qxe1+ 30. Bd1 Ne8 31. Nxh6+ Kf8 32. Nf5 c3 33. bxc3
Qxc3+ 34. Kb1 Bc8 35. Ne3 Ba6 36. Bc2 Bd3 37. Qh4 Bxc2+ 38. Nxc2 Qxf3 39. Qh8+
Ke7 40. Qh4+ Kf8 41. Qh8+ Ke7 42. Qh4+ Qf6 43. Qb4+ Qd6 44. Qh4+ Nf6 45. Kb2
Qe5+ 46. Kb1 g5 47. Qa4 a5 48. Qc6 Nd5 49. Qb7+ Kf8 50. Qc8+ Kg7 51. Qg4 b5 52.
f3 Nf4 53. Qd7 Qd5 54. Qe7 Nd3 55. Ka1 b4 56. Qe3 Qe5+ 57. Qxe5+ Nxe5 58. axb4
axb4 59. f4 Nc6 60. fxg5 Kg6 61. Kb2 Kxg5 62. Kb3 f5 63. Kc4 f4 64. Kd5 b3 65.
Ne1 b2 66. Nf3+ Kg4 67. Nd2 f3 68. Kxc6 f2 0-1

[Event "4NCL Division 1b"]
[Site "Telford, ENG"]
[Date "2017.11.12"]
[Round "2.85"]
[White "Kilpatrick, Callum"]
[Black "Beckett, Chris J"]
[Result "0-1"]
[WhiteElo "2354"]
[BlackElo "2126"]
[PlyCount "80"]
[EventDate "2017.11.12"]
[WhiteTeam "Guildford 2"]
[BlackTeam "Cambridge University 1"]

1. e4 e6 2. d4 d5 3. Nc3 Bb4 4. exd5 exd5 5. Bd3 Nc6 6. Nge2 Bg4 7. f3 Bh5 8.
a3 Bxc3+ 9. bxc3 Bg6 10. O-O Nge7 11. Rb1 Na5 12. Nf4 Bxd3 13. cxd3 O-O 14. Nh5
b6 15. Qe1 Ng6 16. Qg3 Qh4 17. Qxh4 Nxh4 18. Bg5 Ng6 19. Rfe1 Rfe8 20. Kf2 Kf8
21. Ng3 f6 22. Be3 Rac8 23. Nf5 Ne7 24. Ng3 Ng6 25. Rh1 Nb7 26. h4 Nd6 27. h5
Ne7 28. Bf4 Kf7 29. Rhe1 Ndf5 30. Ne2 g5 31. hxg6+ hxg6 32. g4 Ng7 33. Rh1 g5
34. Be3 Ng6 35. Rh6 Re7 36. Ng3 Rce8 37. Bd2 Nf4 38. Rbh1 Re2+ 39. Nxe2 Rxe2+
40. Kf1 Rxd2 0-1

[Event "4NCL Division 1b"]
[Site "Telford, ENG"]
[Date "2017.11.12"]
[Round "2.86"]
[White "Robertson, J Stuart"]
[Black "Buckley, Graeme N"]
[Result "1-0"]
[WhiteElo "2119"]
[BlackElo "2343"]
[PlyCount "103"]
[EventDate "2017.11.12"]
[WhiteTeam "Cambridge University 1"]
[BlackTeam "Guildford 2"]

1. d4 Nf6 2. c4 e6 3. Nc3 Bb4 4. f3 d5 5. a3 Bxc3+ 6. bxc3 c5 7. cxd5 exd5 8.
e3 Qc7 9. Ne2 Nc6 10. Ng3 h5 11. Bd3 h4 12. Ne2 Bd7 13. O-O O-O-O 14. e4 h3 15.
g3 dxe4 16. fxe4 Bg4 17. Bf4 Qe7 18. Qc2 c4 19. Bxc4 Nxe4 20. Rae1 g5 21. Bc1
f5 22. Bd3 Rhe8 23. a4 Qd6 24. Bxg5 Bxe2 25. Bxe4 Rxe4 26. Rxe2 Rde8 27. Rxe4
fxe4 28. Qe2 Qd5 29. Qg4+ Kb8 30. Bf4+ Ka8 31. Qxh3 a6 32. Be3 Qc4 33. Qh5 Rd8
34. Qc5 Qxc5 35. dxc5 Rd3 36. Rf8+ Ka7 37. Bf4 b5 38. cxb6+ Kxb6 39. Re8 Rxc3
40. Rxe4 Kc5 41. h4 Kd5 42. Re8 Rc2 43. h5 Nd4 44. Re5+ Kc4 45. Kf1 Nf3 46. Re2
Rc3 47. h6 Kd5 48. Kg2 Nd4 49. Re5+ Kc4 50. h7 Rc2+ 51. Kh3 Nf3 52. Rh5 1-0

[Event "4NCL Division 1b"]
[Site "Telford, ENG"]
[Date "2017.11.12"]
[Round "2.87"]
[White "Kalaiyalahan, Akshaya"]
[Black "Starley, Robert"]
[Result "1/2-1/2"]
[WhiteElo "2185"]
[BlackElo "2067"]
[PlyCount "63"]
[EventDate "2017.11.12"]
[WhiteTeam "Guildford 2"]
[BlackTeam "Cambridge University 1"]

1. d4 d5 2. c4 e6 3. Nf3 Nf6 4. g3 Be7 5. Bg2 c6 6. O-O O-O 7. Nc3 b6 8. Ne5
Bb7 9. e4 dxe4 10. Nxe4 Nxe4 11. Bxe4 f6 12. Ng6 Re8 13. Nxe7+ Qxe7 14. Be3 Nd7
15. Qc2 Nf8 16. Rfe1 Qf7 17. Bg2 e5 18. c5 exd4 19. Bxd4 Ne6 20. Be3 Nxc5 21.
Bxc5 bxc5 22. Be4 g6 23. Qxc5 Re5 24. Qc3 Rae8 25. Bf3 Rxe1+ 26. Rxe1 Rxe1+ 27.
Qxe1 Qxa2 28. Qe8+ Kg7 29. Bxc6 Bxc6 30. Qxc6 Qxb2 31. Qc7+ Kg8 32. Qxa7
1/2-1/2

[Event "4NCL Division 1b"]
[Site "Telford, ENG"]
[Date "2017.11.12"]
[Round "2.88"]
[White "Smithies, Olivia"]
[Black "Emerson, Roger"]
[Result "0-1"]
[WhiteElo "1525"]
[BlackElo "2219"]
[PlyCount "54"]
[EventDate "2017.11.12"]
[WhiteTeam "Cambridge University 1"]
[BlackTeam "Guildford 2"]

1. e4 c5 2. Nf3 e6 3. c3 Nc6 4. d4 d5 5. exd5 exd5 6. Bb5 Bd6 7. dxc5 Bxc5 8.
O-O Nge7 9. Ne5 O-O 10. Nxc6 bxc6 11. Bd3 Bf5 12. Bg5 f6 13. Bf4 Qd7 14. Be2
Ng6 15. Bg3 Bxb1 16. Rxb1 f5 17. h3 f4 18. Bg4 Qf7 19. Re1 fxg3 20. Be6 gxf2+
21. Kh1 f1=Q+ 22. Kh2 Bd6+ 23. g3 Q1f2+ 24. Kh1 Qxe6 25. Rxe6 Qxg3 26. Re2
Qxh3+ 27. Kg1 Bc5+ 0-1